La gran enciclopedia de las verduras / (Record no. 33923)
[ view plain ]
| 000 -CABECERA | |
|---|---|
| campo de control de longitud fija | 00653nam a2200193 a 4500 |
| 001 - NÚMERO DE CONTROL | |
| campo de control | 000034432 |
| 005 - FECHA Y HORA DE LA ÚLTIMA TRANSACCIÓN | |
| campo de control | 20200930073709.0 |
| 008 - DATOS DE LONGITUD FIJA--INFORMACIÓN GENERAL | |
| campo de control de longitud fija | 111004s1998 sp a g e 000 0 spa d |
| 020 ## - NÚMERO INTERNACIONAL ESTÁNDAR DEL LIBRO | |
| Número Internacional Estándar del Libro | 8471836742 |
| 020 ## - NÚMERO INTERNACIONAL ESTÁNDAR DEL LIBRO | |
| Número Internacional Estándar del Libro | 8471836750 (volumen 1) |
| 020 ## - NÚMERO INTERNACIONAL ESTÁNDAR DEL LIBRO | |
| Número Internacional Estándar del Libro | 8471836769 (volumen 2) |
| 040 ## - FUENTE DE LA CATALOGACIÓN | |
| Centro catalogador/agencia de origen | DO-SdBNP |
| 100 1# - ENTRADA PRINCIPAL--NOMBRE DE PERSONA | |
| Nombre de persona | Ingram, Christine |
| 9 (RLIN) | 59860 |
| 245 13 - MENCIÓN DE TÍTULO | |
| Título | La gran enciclopedia de las verduras / |
| Mención de responsabilidad, etc. | Christine Ingram; traducción Ana Maria Gill. |
| 260 ## - PUBLICACIÓN, DISTRIBUCIÓN, ETC. | |
| Lugar de publicación, distribución, etc. | Barcelona : |
| Nombre del editor, distribuidor, etc. | Ediciones Hymsa, |
| Fecha de publicación, distribución, etc. | 1998. |
| 300 ## - DESCRIPCIÓN FÍSICA | |
| Extensión | 2 v. : |
| Otras características físicas | il., 28 cm. |
| 505 0# - NOTA DE CONTENIDO CON FORMATO | |
| Información miscelánea | v.1 |
| Título | Propiedades de las verduras |
| Información miscelánea | v.2 |
| Título | Las verduras en la cocina |
| 700 12 - PUNTO DE ACCESO ADICIONAL--NOMBRE DE PERSONA | |
| Nombre de persona | Gill, Ana Maria |
| Término indicativo de función/relación | traductora |
| 9 (RLIN) | 59861 |
| Estado de retiro | Estado de pérdida | Restricciones de uso | No para préstamo | Código de colección | Localización permanente | Ubicación/localización actual | Ubicación en estantería | Fecha de adquisición | Número de inventario | Total de préstamos | Signatura topográfica completa | Código de barras | Fecha visto por última vez | Precio válido a partir de | Tipo de ítem Koha |
|---|---|---|---|---|---|---|---|---|---|---|---|---|---|---|---|
| Préstamo interno | Monografías: Libros y Folletos | General | General | Depósito | 04.10.2011 | LF1 | 34432-10 | 25.06.2020 | 25.06.2020 | Préstamo interno | |||||
| Préstamo interno | Monografías: Libros y Folletos | General | General | Depósito | 04.10.2011 | LF1 | 34432-20 | 25.06.2020 | 25.06.2020 | Préstamo interno | |||||
| Monografías: Libros y Folletos | General | General | Orden iniciada | 04.10.2011 | LF1 | 34433-10 | 25.06.2020 | 25.06.2020 | No se presta |
